00620nam a2200193Ia 4500008004100000100001900041245006700060250001200127260004600139300003400185500008300219504004100302500002000343650001700363700001900380003000100399005001700400040000900417 1 aMinnitt, R. J.00aTextbook of anaesthetics /cby R. J. Minnitt and John Gillies. a7th ed. aEdingburgh :bE. & S. Livingstone,c1948. avii, 568 p. :bill. ;c22 cm. aAuthors of the previous editions: John Stuart Ross and Harry Prescott Fairlie. aIncludes bibliographical references. aIncludes index. 0aAnesthetics.1 aGillies, John.20230120204153.0 cNUST